| 000 | 00469nam a22001577a 4500 | ||
|---|---|---|---|
| 003 | OSt | ||
| 005 | 20221007190656.0 | ||
| 008 | 221007b |||||||| |||| 00| 0 eng d | ||
| 040 | _cBiblioteca Lado V | ||
| 082 |
_a750 _bK36i |
||
| 100 |
_9130 _aKenny, Andrew _eorganizador |
||
| 245 |
_aI Dentify/ _bLimerick School of Art + Design/ |
||
| 260 |
_bLimerick Institute of Technology _c2001 |
||
| 300 |
_a291p. _c16x16cm |
||
| 942 |
_2ddc _c1 _h750 _iK36i _n0 |
||
| 999 |
_c2245 _d2245 |
||